000 00604nam a22002057a 4500
005 20251108173340.0
008 250721s1995 xx 000 0 ara d
020 _a977276055x
082 1 4 _aط/798.2
100 1 _aصادق، علاء
245 1 0 _aالفروسية /
264 1 _a]د.م[ :
_bمنف للنشر و الخدمات الإعلامية،
_c1995.
300 _a46 ص.
490 0 _aعالم الرياضة
_v10
650 1 7 _aالفروسية
650 1 7 _aالألعاب الأولمبية
653 _aناشئون كبار (15-18 سنة)
942 _2ddc
_cBK
999 _c101842
_d101842